<?xml version="1.0" encoding="UTF-8"?>
<record
    xmlns:xsi="http://www.w3.org/2001/XMLSchema-instance"
    xsi:schemaLocation="http://www.loc.gov/MARC21/slim http://www.loc.gov/standards/marcxml/schema/MARC21slim.xsd"
    xmlns="http://www.loc.gov/MARC21/slim">

  <leader>01671cam a22004334i 4500</leader>
  <controlfield tag="003">PE-LiUPU</controlfield>
  <controlfield tag="005">20250731184611.0</controlfield>
  <controlfield tag="008">250523b        |||||||| |||| 00| 0 spa d</controlfield>
  <datafield tag="040" ind1=" " ind2=" ">
    <subfield code="b">spa</subfield>
    <subfield code="c">PE-LiUPU</subfield>
    <subfield code="e">rda</subfield>
    <subfield code="d">PE-LiUPU</subfield>
  </datafield>
  <datafield tag="049" ind1=" " ind2=" ">
    <subfield code="a">PRUA</subfield>
  </datafield>
  <datafield tag="082" ind1="0" ind2="4">
    <subfield code="a">985.28</subfield>
    <subfield code="b">M385s</subfield>
    <subfield code="2">23</subfield>
  </datafield>
  <datafield tag="100" ind1=" " ind2=" ">
    <subfield code="a">Mart&#xED;nez Grimaldo, Fedora,</subfield>
    <subfield code="e">autora.</subfield>
    <subfield code="9">5282</subfield>
  </datafield>
  <datafield tag="245" ind1="1" ind2="0">
    <subfield code="a">San Mateo de Otao Tradici&#xF3;n  e Identidad Hist&#xF3;rica /</subfield>
    <subfield code="c">Fedora Mart&#xED;nez Grimaldo y Victor Hugo Vel&#xE1;squez Cabrera.</subfield>
  </datafield>
  <datafield tag="264" ind1=" " ind2="1">
    <subfield code="a">Lima :</subfield>
    <subfield code="b">Municipalidad Distrital de San Mateo de Otao, Universidad Ricardo Palma,</subfield>
    <subfield code="c">2006.</subfield>
  </datafield>
  <datafield tag="300" ind1=" " ind2=" ">
    <subfield code="a">55 p&#xE1;ginas :</subfield>
    <subfield code="b">ilustraciones, fotos a color ;</subfield>
    <subfield code="c">28 cm.</subfield>
  </datafield>
  <datafield tag="336" ind1=" " ind2=" ">
    <subfield code="a">text</subfield>
    <subfield code="2">rdacontent</subfield>
  </datafield>
  <datafield tag="337" ind1=" " ind2=" ">
    <subfield code="a">unmediated</subfield>
    <subfield code="2">rdamedia</subfield>
  </datafield>
  <datafield tag="338" ind1=" " ind2=" ">
    <subfield code="a">volume</subfield>
    <subfield code="2">rdacarrier</subfield>
  </datafield>
  <datafield tag="504" ind1=" " ind2=" ">
    <subfield code="a">Bibliograf&#xED;a: p&#xE1;ginas 52-55</subfield>
  </datafield>
  <datafield tag="505" ind1=" " ind2=" ">
    <subfield code="a">Entorno ecol&#xF3;gico y g&#xE9;nesis  territorial -- Or&#xED;genes, mitolog&#xED;a y religi&#xF3;n -- Organizaci&#xF3;n administrativa, inca, virreinal y republicana -- Folklore, industrias culturales y turismo</subfield>
  </datafield>
  <datafield tag="526" ind1=" " ind2=" ">
    <subfield code="a">P136</subfield>
  </datafield>
  <datafield tag="526" ind1=" " ind2=" ">
    <subfield code="a">P135</subfield>
  </datafield>
  <datafield tag="526" ind1=" " ind2=" ">
    <subfield code="a">P134</subfield>
  </datafield>
  <datafield tag="526" ind1=" " ind2=" ">
    <subfield code="a">P133</subfield>
  </datafield>
  <datafield tag="526" ind1=" " ind2=" ">
    <subfield code="a">P144</subfield>
  </datafield>
  <datafield tag="526" ind1=" " ind2=" ">
    <subfield code="a">P143</subfield>
  </datafield>
  <datafield tag="526" ind1=" " ind2=" ">
    <subfield code="a">P87</subfield>
  </datafield>
  <datafield tag="526" ind1=" " ind2=" ">
    <subfield code="a">P35</subfield>
  </datafield>
  <datafield tag="526" ind1=" " ind2=" ">
    <subfield code="a">P20</subfield>
  </datafield>
  <datafield tag="526" ind1=" " ind2=" ">
    <subfield code="a">P14</subfield>
  </datafield>
  <datafield tag="526" ind1=" " ind2=" ">
    <subfield code="a">P10</subfield>
  </datafield>
  <datafield tag="526" ind1=" " ind2=" ">
    <subfield code="a">P06</subfield>
  </datafield>
  <datafield tag="651" ind1="1" ind2="4">
    <subfield code="a">San Mateo de Otao, Lima (Per&#xFA; : Distrito)</subfield>
    <subfield code="x">Historia.</subfield>
    <subfield code="9">5283</subfield>
  </datafield>
  <datafield tag="651" ind1="2" ind2="4">
    <subfield code="a">San Mateo de Otao, Lima (Per&#xFA; : Distrito)</subfield>
    <subfield code="x">Geograf&#xED;a.</subfield>
    <subfield code="9">5283</subfield>
  </datafield>
  <datafield tag="700" ind1=" " ind2=" ">
    <subfield code="a">Vel&#xE1;squez Cabrera, V&#xED;ctor Hugo,</subfield>
    <subfield code="e">autor.</subfield>
    <subfield code="9">5284</subfield>
  </datafield>
  <datafield tag="942" ind1=" " ind2=" ">
    <subfield code="2">ddc</subfield>
    <subfield code="c">BK</subfield>
  </datafield>
  <datafield tag="980" ind1=" " ind2=" ">
    <subfield code="6">18226</subfield>
    <subfield code="a">Jaime Vilcaz&#xE1;n Jefe de An&#xE1;lisis Documental</subfield>
    <subfield code="8">1</subfield>
    <subfield code="g">ALBERTO SANCHEZ Responsable de Automatizaci&#xF3;n</subfield>
  </datafield>
  <datafield tag="999" ind1=" " ind2=" ">
    <subfield code="c">62926</subfield>
    <subfield code="d">62925</subfield>
  </datafield>
  <datafield tag="952" ind1=" " ind2=" ">
    <subfield code="r">2025-12-03 00:00:00</subfield>
    <subfield code="l">0</subfield>
    <subfield code="o">985.28 M385s</subfield>
    <subfield code="p">82604</subfield>
    <subfield code="t">e1</subfield>
    <subfield code="v">10.50</subfield>
    <subfield code="w">2025-05-23</subfield>
    <subfield code="x">FACIHED</subfield>
    <subfield code="y">BK</subfield>
    <subfield code="1">0</subfield>
    <subfield code="2">ddc</subfield>
    <subfield code="5">0</subfield>
    <subfield code="7">0</subfield>
    <subfield code="8">GEN</subfield>
    <subfield code="f">P20</subfield>
    <subfield code="a">BUL</subfield>
    <subfield code="b">BUL</subfield>
    <subfield code="c">GEN</subfield>
    <subfield code="d">2009-12-11</subfield>
    <subfield code="e">Donaci&#xF3;n, Fausto De La Cruz</subfield>
  </datafield>
  <datafield tag="952" ind1=" " ind2=" ">
    <subfield code="r">2025-12-03 00:00:00</subfield>
    <subfield code="l">0</subfield>
    <subfield code="o">985.28 M385s</subfield>
    <subfield code="p">82605</subfield>
    <subfield code="t">e2</subfield>
    <subfield code="v">10.50</subfield>
    <subfield code="w">2025-05-23</subfield>
    <subfield code="x">FACIHED</subfield>
    <subfield code="y">BK</subfield>
    <subfield code="1">0</subfield>
    <subfield code="2">ddc</subfield>
    <subfield code="5">0</subfield>
    <subfield code="7">0</subfield>
    <subfield code="8">GEN</subfield>
    <subfield code="f">P20</subfield>
    <subfield code="a">BUL</subfield>
    <subfield code="b">BUL</subfield>
    <subfield code="c">GEN</subfield>
    <subfield code="d">2009-12-11</subfield>
    <subfield code="e">Donaci&#xF3;n, Fausto De La Cruz</subfield>
  </datafield>
</record>
